A smart revolution (Record no. 84194)
[ view plain ]
| 000 -LEADER | |
|---|---|
| fixed length control field | 01165cab a22002415a 4500 |
| 001 - CONTROL NUMBER | |
| control field | L156900 |
| 008 - FIXED-LENGTH DATA ELEMENTS--GENERAL INFORMATION | |
| fixed length control field | 120730e2012 xxk 000 0 eng d |
| 035 ## - SYSTEM CONTROL NUMBER | |
| System control number | (Sirsi) u156900 |
| 041 0# - LANGUAGE CODE | |
| Language code of text/sound track or separate title | eng |
| 100 1# - MAIN ENTRY--PERSONAL NAME | |
| Personal name | Townsend, Sarah |
| 245 02 - TITLE STATEMENT | |
| Title | A smart revolution |
| 260 ## - PUBLICATION, DISTRIBUTION, ETC. | |
| Date of publication, distribution, etc. | 2012 |
| 490 #0 - SERIES STATEMENT | |
| Series statement | Property Week |
| Volume/sequential designation | 78(30) 27 July 2012, 36-38(3) |
| 520 ## - SUMMARY, ETC. | |
| Summary, etc. | A new movement that combines technology and property is sweeping the global development scene. The new world of urban planning - the smart city - will be characterised by the "intelligent" use of technology to mitigate the impact of climate change and population growth. Smart cities will have an ultra-modern digital infrastructure with superfast broadband, real-time data, smartphone apps and high-tech computer systems. Describes pilot schemes in London, Boston (USA), Singapore, Barcelona, and the Plan IT City in Paredes, Portugal, where the whole city will function through a single computer system. |
| 590 ## - LOCAL NOTE (RLIN) | |
| Local note | KA |
| 651 #4 - SUBJECT ADDED ENTRY--GEOGRAPHIC NAME | |
| Geographic name | London |
| 651 #4 - SUBJECT ADDED ENTRY--GEOGRAPHIC NAME | |
| Geographic name | Barcelona |
| 651 #4 - SUBJECT ADDED ENTRY--GEOGRAPHIC NAME | |
| Geographic name | Singapore |
| 651 #4 - SUBJECT ADDED ENTRY--GEOGRAPHIC NAME | |
| Geographic name | Paredes |
| 651 #4 - SUBJECT ADDED ENTRY--GEOGRAPHIC NAME | |
| Geographic name | United States |
| 690 ## - LOCAL SUBJECT ADDED ENTRY--TOPICAL TERM (OCLC, RLIN) | |
| Topical term or geographic name as entry element | Planning and development |
| 9 (RLIN) | 6259 |
| 942 ## - ADDED ENTRY ELEMENTS (KOHA) | |
| Suppress in OPAC | 0 |
| Withdrawn status | Lost status | Source of classification or shelving scheme | Damaged status | Not for loan | Home library | Current library | Shelving location | Date acquired | Total Checkouts | Full call number | Barcode | Date last seen | Copy number | Price effective from | Koha item type |
|---|---|---|---|---|---|---|---|---|---|---|---|---|---|---|---|
| Dewey Decimal Classification | London | London | Journal article | 30/07/2012 | L156900 | 156900-1001 | 06/08/2019 | 1 | 06/08/2019 | Journal article |